| 000 | 00548nam a22001697a 4500 | ||
|---|---|---|---|
| 005 | 20251108165421.0 | ||
| 008 | 250721s1983 xx 000 0 ara d | ||
| 082 | 1 | 4 | _aم/940/جلا |
| 100 | 1 | _aيحيى، جلال | |
| 245 | 1 | 0 | _aالتاريخ الأوربي الحديث و المعاصر حتى الحرب العالمية الأولى / |
| 264 | 1 |
_aالإسكندرية : _bالمكتب الجامعي الحديث، _c1983. |
|
| 300 | _a4ج | ||
| 650 | 1 | 7 | _aأوروبا |
| 650 | 1 | 7 | _aالتاريخ |
| 942 |
_2ddc _cREF |
||
| 999 |
_c27426 _d27426 |
||